000 00867nam a2200193 a 4500
005 20140412111348.0
008 050422s19uu xx 00 eng d
020 _a971-518-044-2
050 _aFil 398.2
_bE11 2003
100 _aEvasco, Eugene Y.
245 _aSi Isem sa bayang bawal tumawa :
_bIsem in grumpy town /
_cstory by Eugene Y. Evasco ; illustrations by John D. Crisostomo.
260 _aManila, Philippines :
_bLampara Books,
_c2003.
300 _a1 v. (unp.) ; ill.
520 _aIn the town of Misoot, Datu Rupanget forbids laughing, That's why everyone is grumpy, sullen, ill-tempered, and wailing. Until the very unusual Isem, born with a perpetual grin on his face, arrive in town. Can he change the datu's oppressive decree?
650 _aFolklore, Philippine
650 _aEmotions
_xFiction
650 _aChildren stories
999 _c105237
_d105237